Los pueblos
Saved in:
| 主要作者: | |
|---|---|
| 格式: | 圖書 |
| 語言: | 西班牙语 |
| 出版: |
Buenos Aires
Losada
1948
|
| 版: | 3a. ed |
| 叢編: | Biblioteca contemporánea, 65
|
| 主題: | |
| 標簽: |
添加標簽
沒有標簽, 成為第一個標記此記錄!
|
MARC
| LEADER | 00000nam a2200000 a 4500 | ||
|---|---|---|---|
| 001 | UCX3032 | ||
| 003 | CL-VaPUC | ||
| 008 | 910913e19480000AG |||||||||||||||||spa|d | ||
| 082 | 0 | 4 | |a 864 |b AZ0 |2 21 |
| 100 | |a Azorín |e autor |q Martínez Ruiz, José |9 863023 | ||
| 245 | 1 | 4 | |a Los pueblos |
| 250 | |a 3a. ed | ||
| 300 | |a 152 p | ||
| 942 | |c BK | ||
| 945 | |d 19910913 00:00:00 | ||
| 260 | |a Buenos Aires |b Losada |c 1948 | ||
| 650 | 0 | |a Ensayos españoles |9 313128 | |
| 651 | 0 | |a España |9 254926 | |
| 583 | |a last modification |c 19910913 00:00:00 |k Rodrigo Vera | ||
| 490 | 0 | |a Biblioteca contemporánea, 65 | |
| 999 | |c 223910 |d 223908 | ||